[Event "Lueneburg distr-ch Meister"]
[Site "Muenster"]
[Date "2019.10.19"]
[Round "6"]
[White "Luetzen, Patrick"]
[Black "Noack, Reiner"]
[Result "0-1"]
[WhiteElo "1826"]
[BlackElo "2067"]
[PlyCount "40"]
[EventDate "2019.10.17"]
[EventType "swiss"]
[EventRounds "7"]
[EventCountry "GER"]
[SourceTitle "EXT 2023"]
[Source "ChessBase"]
[SourceDate "2022.10.05"]
[SourceVersion "1"]
[SourceVersionDate "2022.10.05"]
[SourceQuality "1"]

1. d4 Nf6 2. Nf3 e6 3. c4 Bb4+ 4. Bd2 Qe7 5. Qc2 Bxd2+ 6. Nbxd2 d6 7. e3 0-0 8. Bd3 e5 9. Ne4 Nxe4 10. Bxe4 f5 11. Bd5+ Kh8 12. dxe5 c6 13. exd6 Qxd6 14. 0-0-0 cxd5 15. Rxd5 Qf6 16. g4 Nc6 17. g5 Qe7 18. Qd1 Be6 19. Rd6 Bxc4 20. g6 Rad8 0-1

[Event "Lueneburg distr-ch Meister"]
[Site "Muenster"]
[Date "2019.10.18"]
[Round "4"]
[White "Becker, Stefan"]
[Black "Luetzen, Patrick"]
[Result "0-1"]
[WhiteElo "2104"]
[BlackElo "1826"]
[PlyCount "38"]
[EventDate "2019.10.17"]
[EventType "swiss"]
[EventRounds "7"]
[EventCountry "GER"]
[SourceTitle "EXT 2023"]
[Source "ChessBase"]
[SourceDate "2022.10.05"]
[SourceVersion "1"]
[SourceVersionDate "2022.10.05"]
[SourceQuality "1"]

1. d4 Nf6 2. c4 g6 3. Nc3 Bg7 4. e4 d6 5. Nf3 0-0 6. Be2 e5 7. 0-0 Nc6 8. d5 Ne7 9. Nd2 Nd7 10. b4 a5 11. bxa5 f5 12. a4 Rxa5 13. Ba3 Nf6 14. c5 Nxe4 15. Ndxe4 fxe4 16. Bb4 Ra8 17. cxd6 cxd6 18. Nxe4 Rf4 19. f3 Qb6+ 0-1

[Event "Lueneburg distr-ch Meister"]
[Site "Muenster"]
[Date "2019.10.17"]
[Round "2"]
[White "Harms, Friedjof"]
[Black "Luetzen, Patrick"]
[Result "1/2-1/2"]
[WhiteElo "1865"]
[BlackElo "1826"]
[PlyCount "26"]
[EventDate "2019.10.17"]
[EventType "swiss"]
[EventRounds "7"]
[EventCountry "GER"]
[SourceTitle "EXT 2023"]
[Source "ChessBase"]
[SourceDate "2022.10.05"]
[SourceVersion "1"]
[SourceVersionDate "2022.10.05"]
[SourceQuality "1"]

1. e4 c5 2. Nc3 g6 3. f4 Bg7 4. Nf3 Nc6 5. Bb5 Nd4 6. 0-0 a6 7. Bd3 Nh6 8. Nxd4 Bxd4+ 9. Kh1 0-0 10. Ne2 Bg7 11. Ng3 b5 12. c3 Bb7 13. Bc2 d5 1/2-1/2

[Event "Niedersachsen-ch op A"]
[Site "Verden"]
[Date "2019.01.03"]
[Round "1"]
[White "Ehlert, Horst"]
[Black "Luetzen, Patrick"]
[Result "1-0"]
[WhiteElo "1947"]
[BlackElo "1720"]
[PlyCount "131"]
[EventDate "2019.01.03"]
[EventType "swiss"]
[EventRounds "7"]
[EventCountry "GER"]
[SourceTitle "EXT 2022"]
[Source "ChessBase"]
[SourceDate "2021.10.06"]
[SourceVersion "1"]
[SourceVersionDate "2021.10.06"]
[SourceQuality "1"]

1. c4 g6 2. g3 Bg7 3. Bg2 Nf6 4. Nc3 0-0 5. e3 d6 6. Nge2 e5 7. 0-0 Re8 8. Rb1 e4 9. d3 Bf5 10. Nd4 Bg4 11. Qd2 c5 12. Nb3 Bf5 13. dxe4 Nxe4 14. Nxe4 Bxe4 15. Bxe4 Rxe4 16. Qd3 Qe7 17. Nd2 Re6 18. Nf3 Nc6 19. Bd2 Rd8 20. Bc3 Bxc3 21. Qxc3 d5 22. cxd5 Rxd5 23. Rbd1 Red6 24. Rxd5 Rxd5 25. Qc4 Qd6 26. Re1 Ne5 27. Nxe5 Qxe5 28. Re2 Rd1+ 29. Kg2 Qd6 30. Qe4 Qd5 31. Qxd5 Rxd5 32. g4 b5 33. f4 h5 34. g5 Kf8 35. Kf3 Ke7 36. h4 c4 37. Rc2 Rd1 38. b3 cxb3 39. axb3 Kd7 40. Ra2 Rh1 41. Rxa7+ Ke6 42. Rb7 Rxh4 43. Rxb5 Rh2 44. Ke4 Re2 45. Rb6+ Ke7 46. Rb8 Re1 47. Kd4 h4 48. e4 h3 49. Rh8 Rh1 50. Ke5 h2 51. Rh3 Rb1 52. Rxh2 Rxb3 53. Rd2 Rb6 54. Rd5 Ra6 55. Rb5 Ra7 56. Rc5 Rb7 57. Ra5 Rc7 58. Rb5 Ra7 59. f5 gxf5 60. exf5 Ra1 61. f6+ Ke8 62. Rb8+ Kd7 63. g6 Re1+ 64. Kd5 Rd1+ 65. Kc4 Rc1+ 66. Kd3 1-0

[Event "Lueneburg distr-ch Meister"]
[Site "Bergen"]
[Date "2018.10.13"]
[Round "6.8"]
[White "Luetzen, Patrick"]
[Black "Rudolph, Max"]
[Result "1/2-1/2"]
[WhiteElo "1861"]
[BlackElo "1816"]
[PlyCount "20"]
[EventDate "2018.10.11"]
[EventType "swiss"]
[EventRounds "7"]
[EventCountry "GER"]
[SourceTitle "EXT 2020"]
[Source "ChessBase"]
[SourceDate "2019.10.17"]
[SourceVersion "1"]
[SourceVersionDate "2019.10.17"]
[SourceQuality "1"]

1. d4 d6 2. Nf3 Nf6 3. Bf4 g6 4. h3 Bg7 5. e3 0-0 6. Bd3 Nbd7 7. Bh2 c6 8. c4 Qa5+ 9. Nbd2 b5 10. cxb5 cxb5 1/2-1/2

[Event "Lueneburg distr-ch Meister"]
[Site "Bergen"]
[Date "2018.10.12"]
[Round "3.9"]
[White "Luetzen, Patrick"]
[Black "Thomas, Jeremy"]
[Result "1/2-1/2"]
[WhiteElo "1861"]
[BlackElo "1599"]
[PlyCount "52"]
[EventDate "2018.10.11"]
[EventType "swiss"]
[EventRounds "7"]
[EventCountry "GER"]
[SourceTitle "EXT 2020"]
[Source "ChessBase"]
[SourceDate "2019.10.17"]
[SourceVersion "1"]
[SourceVersionDate "2019.10.17"]
[SourceQuality "1"]

1. d4 Nf6 2. Nf3 g6 3. c4 Bg7 4. Nc3 d6 5. e4 0-0 6. Be2 e5 7. 0-0 Nc6 8. d5 Ne7 9. Ne1 Nd7 10. Be3 f5 11. f3 f4 12. Bf2 g5 13. a4 Nf6 14. c5 Ng6 15. Rc1 Rf7 16. Nb5 a6 17. Na3 h5 18. Nc4 Bf8 19. cxd6 Bxd6 20. Qb3 a5 21. Nxd6 cxd6 22. Bb6 Qf8 23. Rc7 Rxc7 24. Bxc7 g4 25. Qb6 Ne8 26. Bd8 Nf6 1/2-1/2

[Event "Niedersachsen-ch op A"]
[Site "Verden"]
[Date "2018.01.07"]
[Round "7"]
[White "Luetzen, Patrick"]
[Black "Tenne, Fabian"]
[Result "1-0"]
[WhiteElo "1736"]
[BlackElo "1830"]
[PlyCount "81"]
[EventDate "2018.01.04"]
[EventType "swiss"]
[EventRounds "7"]
[EventCountry "GER"]
[SourceTitle "EXT 2022"]
[Source "ChessBase"]
[SourceDate "2021.10.06"]
[SourceVersion "1"]
[SourceVersionDate "2021.10.06"]
[SourceQuality "1"]

1. d4 Nf6 2. Nf3 e6 3. c4 d5 4. g3 c6 5. Bg2 Be7 6. 0-0 0-0 7. Nc3 Nbd7 8. cxd5 exd5 9. Qc2 Re8 10. a3 a5 11. Rb1 Nb6 12. Nd2 a4 13. b4 axb3 14. Qxb3 Nbd7 15. a4 Nf8 16. Qb6 Qd6 17. Nf3 Ne6 18. Qb3 Ra6 19. Rd1 h6 20. Bh3 Ra8 21. Bf5 g6 22. Bxe6 Qxe6 23. Bxh6 Qh3 24. Bg5 Ng4 25. Bxe7 Rxe7 26. Qb4 Re6 27. Rb2 Rf6 28. Qe7 Kg7 29. Rd3 Bf5 30. e4 Re6 31. Qh4 Qxh4 32. Nxh4 dxe4 33. Nxf5+ gxf5 34. Rd1 Ra7 35. Rb6 Rd6 36. Nb5 cxb5 37. Rxd6 bxa4 38. Rb6 e3 39. fxe3 a3 40. Rb3 a2 41. Ra1 1-0

[Event "Niedersachsen-ch op A"]
[Site "Verden"]
[Date "2018.01.05"]
[Round "4"]
[White "Zoch, Werner"]
[Black "Luetzen, Patrick"]
[Result "1/2-1/2"]
[WhiteElo "1842"]
[BlackElo "1736"]
[PlyCount "93"]
[EventDate "2018.01.04"]
[EventType "swiss"]
[EventRounds "7"]
[EventCountry "GER"]
[SourceTitle "EXT 2022"]
[Source "ChessBase"]
[SourceDate "2021.10.06"]
[SourceVersion "1"]
[SourceVersionDate "2021.10.06"]
[SourceQuality "1"]

1. e4 c5 2. Nf3 e6 3. d4 cxd4 4. Nxd4 Qb6 5. Nb3 Qc7 6. Bd3 Nf6 7. 0-0 Nc6 8. Nc3 a6 9. f4 d6 10. Be3 Be7 11. a3 0-0 12. Nd4 Nxd4 13. Bxd4 e5 14. Be3 Be6 15. f5 Bc4 16. g4 d5 17. Bxc4 Qxc4 18. Nxd5 Nxd5 19. Qxd5 Qe2 20. Rae1 Qxg4+ 21. Kh1 Bh4 22. Rb1 Qe2 23. Qd2 Qxd2 24. Bxd2 Rac8 25. Bc3 Rc4 26. Bxe5 Rxe4 27. Bc3 Re2 28. Rg1 f6 29. Rg4 Bg5 30. Rg2 Rxg2 31. Kxg2 Re8 32. Re1 Rxe1 33. Bxe1 g6 34. fxg6 hxg6 35. Kf3 Kf7 36. a4 Ke6 37. Ke4 f5+ 38. Kd4 Be7 39. c4 Bd6 40. h3 b6 41. b4 Be5+ 42. Kd3 g5 43. Bf2 Bc7 44. b5 axb5 45. axb5 g4 46. hxg4 fxg4 47. Ke4 1/2-1/2

[Event "Lueneburg distr-ch Meister"]
[Site "Lueneburg"]
[Date "2017.10.14"]
[Round "5"]
[White "Haerig, Wolfram"]
[Black "Luetzen, Patrick"]
[Result "1-0"]
[WhiteElo "1777"]
[BlackElo "1889"]
[PlyCount "87"]
[EventDate "2017.10.12"]
[EventType "swiss"]
[EventRounds "7"]
[EventCountry "GER"]
[SourceTitle "EXT 2019"]
[Source "ChessBase"]
[SourceDate "2018.10.10"]
[SourceVersion "1"]
[SourceVersionDate "2018.10.10"]
[SourceQuality "1"]

1. e4 c5 2. Nf3 Nc6 3. d4 cxd4 4. Nxd4 g6 5. Nc3 Bg7 6. Nb3 Nf6 7. Bg5 h6 8. Bh4 0-0 9. f4 d6 10. h3 a6 11. Qf3 Qc7 12. Bd3 b5 13. Bxf6 Bxf6 14. Nd5 Qa7 15. Nxf6+ exf6 16. 0-0-0 Bb7 17. g4 Nd4 18. Nxd4 Qxd4 19. Rhe1 Qa4 20. Kb1 Rac8 21. h4 Rc5 22. h5 g5 23. fxg5 fxg5 24. Qf6 Re5 25. Qxh6 Bxe4 26. Bxe4 Rxe4 27. Qxg5+ Kh8 28. Rxe4 Qxe4 29. Rxd6 f6 30. Qh6+ Kg8 31. Qg6+ Qxg6 32. hxg6 Kg7 33. Rxa6 Rb8 34. c3 Kxg6 35. Kc2 Kg5 36. Rd6 b4 37. c4 Rh8 38. c5 Rc8 39. c6 f5 40. gxf5 Kxf5 41. Kb3 Ke5 42. Rh6 Kd5 43. Kxb4 Rxc6 44. Rxc6 1-0

[Event "Niedersachsen-ch op-C"]
[Site "Verden"]
[Date "2017.01.08"]
[Round "7"]
[White "Luetzen, Patrick"]
[Black "Krneta, Slavko"]
[Result "1-0"]
[WhiteElo "1884"]
[BlackElo "1822"]
[PlyCount "90"]
[EventDate "2017.01.05"]
[EventType "swiss"]
[EventRounds "7"]
[EventCountry "GER"]
[SourceTitle "CBM 187 Extra"]
[Source "ChessBase"]
[SourceDate "2018.11.04"]
[SourceVersion "1"]
[SourceVersionDate "2018.11.04"]
[SourceQuality "1"]

1. d4 Nf6 2. Nf3 e6 3. c4 d5 4. g3 c6 5. Bg2 Nbd7 6. 0-0 b6 7. Qa4 Bb7 8. Nc3 Be7 9. cxd5 exd5 10. Ne5 Nxe5 11. dxe5 Nd7 12. e4 Nc5 13. Qc2 d4 14. Rd1 Ne6 15. Be3 Qd7 16. f4 Rd8 17. f5 Nc7 18. Rxd4 Qc8 19. Rxd8+ Qxd8 20. Rd1 Qc8 21. Qd2 Na6 22. a3 Nc5 23. b4 Na6 24. Bg5 Qc7 25. Bxe7 Kxe7 26. Qg5+ Ke8 27. Qxg7 Rf8 28. Qf6 Qe7 29. Qxe7+ Kxe7 30. Rd6 Rc8 31. f6+ Ke8 32. e6 fxe6 33. Rxe6+ Kf8 34. e5 Rc7 35. b5 Nc5 36. Rd6 cxb5 37. Nxb5 Rc8 38. Bxb7 Nxb7 39. Rd7 Rc1+ 40. Kf2 Nc5 41. Re7 Rc2+ 42. Ke3 a6 43. Nd6 Rc3+ 44. Kf4 Nd3+ 45. Kf5 Rc7 1-0

[Event "Lueneburg distr-ch Meister"]
[Site "Muenster"]
[Date "2016.10.13"]
[Round "1.6"]
[White "Luetzen, Patrick"]
[Black "Utecht, Hauke"]
[Result "1/2-1/2"]
[WhiteElo "1906"]
[BlackElo "1716"]
[PlyCount "37"]
[EventDate "2016.10.13"]
[EventType "swiss"]
[EventRounds "7"]
[EventCountry "GER"]
[SourceTitle "EXT 2019"]
[Source "ChessBase"]
[SourceDate "2018.10.10"]
[SourceVersion "1"]
[SourceVersionDate "2018.10.10"]
[SourceQuality "1"]

1. d4 d5 2. Nf3 Nf6 3. c4 e6 4. g3 dxc4 5. Bg2 Bd7 6. Ne5 Nc6 7. Nxc6 Bxc6 8. Bxc6+ bxc6 9. Qa4 Qd5 10. 0-0 Qb5 11. Qc2 Bb4 12. Bd2 0-0 13. Bxb4 Qxb4 14. Na3 Rfd8 15. Rfd1 c5 16. dxc5 Qxc5 17. Nxc4 Ng4 18. Ne3 Qxc2 19. Nxc2 1/2-1/2

[Event "Lueneburg distr-ch Meister"]
[Site "Tostedt"]
[Date "2015.10.22"]
[Round "1.1"]
[White "Luetzen, Patrick"]
[Black "Voege, Tobias"]
[Result "0-1"]
[WhiteElo "1945"]
[BlackElo "2201"]
[PlyCount "98"]
[EventDate "2015.10.22"]
[EventType "swiss"]
[EventRounds "7"]
[EventCountry "GER"]
[SourceTitle "EXT 2019"]
[Source "ChessBase"]
[SourceDate "2018.10.10"]
[SourceVersion "1"]
[SourceVersionDate "2018.10.10"]
[SourceQuality "1"]

1. d4 d5 2. Nf3 Nc6 3. Bf4 Bg4 4. Nbd2 e6 5. h3 Bh5 6. c3 Nf6 7. e3 Bd6 8. Bxd6 cxd6 9. Bd3 0-0 10. g4 Bg6 11. Bxg6 fxg6 12. Qb3 Rb8 13. 0-0-0 b5 14. Kb1 b4 15. c4 Na5 16. Qd3 dxc4 17. Nxc4 Nxc4 18. Qxc4 d5 19. Qc6 Rb6 20. Qa4 Ne4 21. Ne5 Nxf2 22. Nd7 Nxh1 23. Rxh1 b3 24. axb3 h5 25. Nxb6 Qxb6 26. Rc1 Qb7 27. Rc6 Qf7 28. Qb5 h4 29. Qe2 g5 30. Kc2 Qg6+ 31. Qd3 Rf2+ 32. Kc3 Qxd3+ 33. Kxd3 Kf7 34. Rc7+ Kf6 35. Rxa7 Rxb2 36. Rb7 Rh2 37. b4 Rxh3 38. b5 Rh1 39. Ke2 Rb1 40. Kf3 Rb2 41. b6 Kg6 42. Rb8 Kh7 43. Rb7 h3 44. Rc7 h2 45. Rc1 Rxb6 46. Rh1 Rb2 47. Kg3 Kg6 48. Rf1 Rd2 49. Kf3 Kf6 0-1

[Event "Passau op 8th"]
[Site "Passau"]
[Date "2000.04.23"]
[Round "6"]
[White "Rebitzer, Winfried"]
[Black "Luetzen, Patrick"]
[Result "1-0"]
[WhiteElo "1924"]
[BlackElo "1750"]
[PlyCount "57"]
[EventDate "2000.04.21"]
[EventType "swiss"]
[EventRounds "7"]
[EventCountry "GER"]
[SourceTitle "CBM 076 Extra"]
[Source "ChessBase"]
[SourceDate "2000.07.11"]
[SourceVersion "1"]
[SourceVersionDate "2000.07.11"]
[SourceQuality "1"]

1. e4 g6 2. d4 Bg7 3. f4 d6 4. Nf3 Nf6 5. Nc3 0-0 6. Be2 c6 7. 0-0 Nbd7 8. h3 e5 9. Be3 Nh5 10. fxe5 Ng3 11. exd6 Nxf1 12. Bxf1 Qa5 13. Bc4 Qb4 14. Bb3 c5 15. a3 Qa5 16. e5 cxd4 17. Bxd4 Nxe5 18. Nxe5 Bxe5 19. Bxe5 Qxe5 20. d7 Bxd7 21. Qxd7 Rae8 22. Qxb7 Qe3+ 23. Kh1 Qf2 24. Qf3 Re1+ 25. Rxe1 Qxe1+ 26. Kh2 Qe5+ 27. Qg3 Qd4 28. Nd5 Rd8 29. Ne7+ 1-0